LIBRARY & INFORMATION CENTRE, KCAET, TAVANUR

ONLINE PUBLIC ACCESS CATALOGUE (OPAC)

Watershed management (Record no. 14030)

MARC details
000 -LEADER
fixed length control field 00307nam a22001337a 4500
020 ## - INTERNATIONAL STANDARD BOOK NUMBER
ISBN 9788220346765
082 ## - DEWEY DECIMAL CLASSIFICATION NUMBER
Classification number 551.492
Item number DAS/WA
100 ## - MAIN ENTRY--AUTHOR NAME
Personal name Das,Madan Mohan
245 ## - TITLE STATEMENT
Title Watershed management
260 ## - PUBLICATION, DISTRIBUTION, ETC. (IMPRINT)
Place of publication New Delhi
Name of publisher PHI Learning
Year of publication 2013
300 ## - PHYSICAL DESCRIPTION
Number of Pages 303
700 ## - ADDED ENTRY--PERSONAL NAME
Personal name Saikia, Mimi Das
942 ## - ADDED ENTRY ELEMENTS (KOHA)
Koha item type Books
Holdings
Withdrawn status Lost status Damaged status Collection code Home library Current library Shelving location Date acquired Source of acquisition Cost, normal purchase price Full call number Accession Number Koha item type
      Non-fiction KAUAET KAUAET General Stacks 30/03/2013 Aman Book Stall, Calicut 295.00 551.492 MAD/WA 24148 Books
free website counter